000 00700nam a2200217Ii 4500
001 14656
003 CO-ViMGA
008 241108s9999||||xx |||||||||||||| ||und||
020 _a9589802250
040 _aCO-ViMGA
_bspa
_erda
_cCO-ViMGA
041 0 _aspa
082 0 4 _a351.003520 A73b
100 1 _aAdolfo León Atehortúa Cruz
_944235
245 1 0 _aLas banderas del presidente Uribe :
_bestado comunitario, seguridad democrática, revolución educativa
264 1 _aBogotá, Colombia : La Carreta, 2007
300 _avolumen
336 _atext
_btxt
_2rdacontent
337 _aunmediated
_bn
_2rdamedia
338 _avolume
_bnc
_2rdacarrier
940 _aidficha_siabuc: 14348. -- ficha_no_siabuc:14656
999 _c38689
_d38689